MARC

LEADER 00000nam0a2200000 4500
001 275322
005 20231101234819.0
035 |a (RuTPU)RU\TPU\book\298563 
090 |a 275322 
100 |a 20141113d1985 km y0rusy50 ca 
101 0 |a rus 
102 |a RU 
105 |a a g 001zy 
200 1 |a Производство полуфабрикатов из алюминиевых сплавов  |e справочник  |f под ред. А. Ф. Белова ; Ф. И. Квасова 
205 |a 2-е изд., перераб. и доп. 
210 |a Москва  |c Металлургия  |d 1985 
215 |a 351 с.  |c ил. 
225 1 |a Алюминиевые сплавы 
320 |a Библиогр.: с. 345-450 
606 1 |a Алюминиевые заготовки  |x Производство  |2 stltpush  |3 (RuTPU)RU\TPU\subj\21874  |9 46790 
610 1 |a алюминий 
610 1 |a сплавы 
610 1 |a деформации 
610 1 |a горячая прокатка 
610 1 |a холодная прокатка 
610 1 |a бесслитковая прокатка 
610 1 |a фольга 
610 1 |a плоский прокат 
610 1 |a профили 
610 1 |a прессование 
610 1 |a панели 
610 1 |a трубы 
610 1 |a сварка 
610 1 |a штамповка 
610 1 |a качество 
610 1 |a контроль 
610 1 |a справочники 
675 |a 669.716(035)  |v 3 
702 1 |a Белов  |b А. Ф.  |4 340 
702 1 |a Квасов  |b Ф. И.  |4 340 
801 1 |a RU  |b 63413507  |c 20141113 
801 2 |a RU  |b 63413507  |c 20170125  |g RCR 
942 |c BK